Diagnosis estratègiques territorials : document d'estratègies pel territori de la Vall del Ges, Orís i Bisaura document d'estratègies pel territori de la Vall del Ges, Orís i Bisaura
Descripción Física:
99 p. : quadres, gràfics ; 30 cm
Otros Autores:
Pacte Territorial de la Vall del Ges, Orís i Bisaura
MARC
| LEADER | 00000nam a2200000Ia 4500 | ||
|---|---|---|---|
| 001 | 24070 | ||
| 008 | 160829s2004 xx 000 0 cat d | ||
| 080 | |a Bib-144 | ||
| 245 | |a Diagnosis estratègiques territorials : |b document d'estratègies pel territori de la Vall del Ges, Orís i Bisaura | ||
| 260 | |a Barcelona : |b Diputació de Barcelona. Àrea de Promoció Econòmica i Ocupació, |c 2004 | ||
| 300 | |a 99 p. : |b quadres, gràfics ; |c 30 cm | ||
| 590 | |a Títol a l'interior : Diagnosi estratègica del territori del Pacte territorial de la Vall del Ges, Orís i Bisaura, maig 2004 | ||
| 650 | 0 | |a Política d'ocupació |9 7017 | |
| 650 | |a Administració local |x Vall del Ges, Orís i Bisaura |9 49620 | ||
| 700 | |a Pacte Territorial de la Vall del Ges, Orís i Bisaura |9 49621 | ||
| 710 | 1 | |a Barcelona (Catalunya : Província). |b Àrea de Promoció Econòmica i Ocupació |9 17540 | |
| 901 | |a Arxiu | ||
| 942 | |n 1 | ||
| 952 | |0 0 |1 0 |4 0 |6 BIB144 |7 1 |9 55491 |a Arxiu |b Arxiu |d 2016-12-01 |l 0 |o Bib-144 |p 24070 |r 2016-12-01 00:00:00 |w 2016-12-01 |y ARXIU | ||
| 999 | |c 59364 |d 59364 | ||